MARC details
| 000 -LÍDER |
| campo de controle de tamanho fixo |
01437nam a22002657a 4500 |
| 001 - NÚMERO DE CONTROLE |
| campo de controle |
462 |
| 003 - IDENTIFICADOR DO NÚMERO DE CONTROLE |
| campo de controle |
OSt |
| 005 - DATA E HORÁRIO DA ÚLTIMA TRANSAÇÃO |
| campo de controle |
20250829160159.0 |
| 008 - CAMPO DE DADOS FIXOS--INFORMAÇÃO GERAL |
| campo de controle de tamanho fixo |
250210b |||||||| |||| 00| 0 eng d |
| 020 ## - ISBN - INTERNATIONAL STANDARD BOOK NUMBER |
| ISBN - International Standard Book Number |
9788506080627 |
| 040 ## - FONTE DA CATALOGAÇÃO |
| Idioma da catalogação |
por |
| 041 ## - CÓDIGO DE IDIOMA |
| Código do idioma do texto/trilha sonora ou título diferente |
por |
| 082 1# - CDD - CLASSIFICAÇÃO DECIMAL DE DEWEY |
| Número de Classificação |
028.5 |
| Número do exemplar |
A554m |
| 100 ## - ENTRADA PRINCIPAL--NOME PESSOAL |
| Nome pessoal |
Andrade, Tiago de Melo |
| 9 (RLIN) |
998 |
| 245 ## - TÍTULO |
| Título |
O mágico do Barro Preto |
| Indicação de responsabilidade, etc. |
/Tiago de Melo Andrade; |
| 260 ## - PUBLICAÇÃO, DISTRIBUIÇÃO, ETC. |
| Local de publicação, distribuição, etc. |
São Paulo |
| Nome do editor, distribuidor, etc. |
Melhoramentos |
| Data da publicação, distribuição, etc. |
2016 |
| 300 ## - DESCRIÇÃO FÍSICA |
| Extensão |
110p. |
| 520 ## - NOTA DE RESUMO, ETC. |
| Resumo, etc. |
No povoado de Barro Preto nasce Papamama, um menino com poderes sobrenaturais. Desde o primeiro dia ele transforma a vida dos que o cercam com dons incríveis, passando a ser cultuado por todos, convertendo-se, ainda criança, numa divindade local. A vida de divindade, porém, não lhe agrada, e o menino resolve sair para conhecer o mundo. Em toda parte descobre a mesma verdade: “a inutilidade de ser mágico, num mundo de gente violenta, insensível e idiota”. E é em sua comunidade que surge quem quer antagonizá-lo: Titum. Menino como ele, Titum descobre o segredo dos poderes de Papamama e se faz também poderoso, mas usará seus poderes para fins terríveis. Na luta entre Papamama e Titum está o destino não apenas da comunidade de Barro Preto, mas do mundo inteiro. |
| 650 #0 - ASSUNTO--TERMO TÓPICO |
| Cabeçalho tópico ou nome geográfico |
Literatura Brasileira |
| 9 (RLIN) |
205 |
| 650 #0 - ASSUNTO--TERMO TÓPICO |
| Cabeçalho tópico ou nome geográfico |
Infantojuvenil |
| 9 (RLIN) |
200 |
| 650 #0 - ASSUNTO--TERMO TÓPICO |
| Cabeçalho tópico ou nome geográfico |
Aventura |
| 9 (RLIN) |
47 |
| 655 #0 - TERMO DE ÍNDICE--GÊNERO E FORMA |
| Gênero/forma/ou termo foco |
Romance |
| 655 #0 - TERMO DE ÍNDICE--GÊNERO E FORMA |
| Gênero/forma/ou termo foco |
Ficção |
| 942 ## - ELEMENTOS DE ENTRADA ADICIONADOS (KOHA) |
| Fonte de classificação ou esquema de arquivamento |
Classificação decimal de Dewey |
| Tipo de material Koha |
Livros |